| 000 | 00457nam a22001691a 4500 | ||
|---|---|---|---|
| 001 | 10392 | ||
| 003 | OSt | ||
| 005 | 20260204212157.0 | ||
| 008 | 081211s2002||||dr ||||||b||||||||||spa|| | ||
| 050 | _aRD 972.9367 C735i | ||
| 110 | _aComision Permanente de Efemérides Patria | ||
| 245 | _aIdeario de Juan Pablo Duarte | ||
| 264 | _aSanto Domingo : Centenario | ||
| 300 | _a20 p | ||
| 650 | _aDuarte - Historia de República DominicanaÌ | ||
| 942 |
_2ddc _cBK |
||
| 999 |
_c10392 _d10392 |
||